Представление документа в формате RUSMARC

ПолеНазваниеЗначение
  Тип записи a
  Библиографический уровень m
001 Контрольный номер RU/IS/BASE/500037810
005 Дата корректировки 20201206204957.9
010 Индекс ISBN __
a ISBN 978-5-91233-372-9 (в пер.)
d Цена 222-85; 174-61
100 Данные общей обработки __
a Данные общей обработки 19151105d2015||||||| 0rusy0189 ca
101 Язык документа 0_
a Язык текста rus
102 Страна публикации __
a Страна публикации ru
102 Страна публикации __
a Страна публикации ru
105 Кодированные данные (монография) __
a Кодированные данные (монография) a|||||||001zy
200 Заглавие и сведения об ответственности 1_
a Заглавие Религии мира
e Сведения, относящиеся к заглавию [школьный путеводитель : для среднего и старшего школьного возраста]
f Первые сведения об ответственности [Афонькин Сергей Юрьевич ; иллюстрации: М. Н. Борисова и др.]
b Общее обозначение материала Текст
210 Выходные данные __
a Место издания Санкт-Петербург
a Место издания Москва
c Издательство Балтийская книжная компания
c Издательство А. В. К. - Тимошка
d Дата издания 2015
215 Физическое описание __
a Объем 93, [2] с.
c Иллюстрации/тип воспроизводства цв. ил.
d Формат 24 см
225 Серия __
a Серия Узнай мир. История
300 Общие примечания __
a Общие примечания Автор указан в выпускных данных
300 Общие примечания __
a Общие примечания Сведения об издательстве указаны в выпускных данных
320 Библиография __
a Библиография Указатель: с. 95
330 Аннотация __
a Аннотация О самых главных, имеющих наибольшее число последователей религиях мира: индуизме, буддизме, иудаизме, христианстве и исламе.
606 Тематические рубрики __
a Основная рубрика Религия. Мистика. Свободомыслие
606 Тематические рубрики __
a Основная рубрика Религиоведение
y Географическая подрубрика Азия
y Географическая подрубрика Европа
610 Ключевые слова __
a Ключевые слова буддизм
a Ключевые слова даосизм
a Ключевые слова детская литература
a Ключевые слова дзен-буддизм
a Ключевые слова индуизм
a Ключевые слова ислам
a Ключевые слова иудаизм
a Ключевые слова католицизм
a Ключевые слова конфуцианство
a Ключевые слова мормоны
a Ключевые слова познавательная литература
a Ключевые слова православие
a Ключевые слова протестантизм
a Ключевые слова религии
a Ключевые слова религиозные верования
a Ключевые слова религиозные термины
a Ключевые слова религиозные течения
a Ключевые слова синтоизм
a Ключевые слова старообрядчество
a Ключевые слова христианство
686 Индексы других классификаций __
2 Код системы rubbks
a Классификационный индекс ст86.3я2
700 Автор _1
a Фамилия Афонькин
b Имя С. Ю.
g Полное личное имя Сергей Юрьевич
4 Код отношения 070
702 Вторичная интеллектуальная ответственность _1
a Фамилия Борисова
b Имя М. Н.
4 Код отношения Иллюстратор
4 Код отношения 440
702 Вторичная интеллектуальная ответственность _1
a Фамилия Лаврухин
b Имя Н. Ю.
4 Код отношения Иллюстратор
4 Код отношения 440
702 Вторичная интеллектуальная ответственность _1
a Фамилия Канивец
b Имя Т. В.
4 Код отношения Иллюстратор
4 Код отношения 440
702 Вторичная интеллектуальная ответственность _1
a Фамилия Конькова
b Имя Е. В.
4 Код отношения Иллюстратор
4 Код отношения 440
702 Вторичная интеллектуальная ответственность _1
a Фамилия Злотя
b Имя И. Г.
4 Код отношения Иллюстратор
4 Код отношения 440
702 Вторичная интеллектуальная ответственность _1
a Фамилия Смирнова
b Имя С. В.
4 Код отношения Иллюстратор
4 Код отношения 440
801 Источник записи _0
a Страна ru
b Организация Муниципальное бюджетное учреждение культуры "Централизованная библиотечная система" г. Сургут (Центральная городская библиотека им. А. С. Пушкина)
c Дата составления 20151105
g Правила каталогизации rpk
801 Источник записи _1
a Страна ru
b Организация Муниципальное бюджетное учреждение культуры "Централизованная библиотечная система" г. Сургут (Центральная городская библиотека им. А. С. Пушкина)
c Дата составления 20151105
g Правила каталогизации rpk
852 Данные о местонахождении __
j Шифр хранения ст86.3я2
i Авторский знак А 94
901 Тип документа __
t Тип документа m
a Ответственный КиК/Апакова; КиК/Трушникова
903 Характеристики (МАРС) __
a Дата передачи 20181008; 20151105
969 Тип издания __
a Тип издания издание для детей; путеводитель
990 Данные о заказе (DOS) __
j Количество экземпляров (DOS) 1; 1
t N записи в КСУ для И/У (DOS) 201810; 201511